000 00426nam a2200157Ia 4500
008 220216s9999 xx 000 0 und d
100 _aDas K
245 0 _aIn vitro culture of immature embryos of Hevea brasiliensis
260 _bIndian Journal of Natural Rubber Research
_c2003
300 _a122-126
650 _aHevea brasiliensis
650 _aImmature embryos
700 _aDas G
700 _aDey S K
942 _cJS
999 _c60942
_d60942